000 01352cam a22003254a 4500
001 5619
003 FISKH
005 20241220120043.0
008 050217s2005 nyua j 001 0 eng
010 _a 2005004630
020 _a0516252739
020 _a9780516252735
040 _aDLC
_cDLC
_dDLC
_beng
050 _aQR101.T39
082 _a579.175
100 1 _aTaylor-Butler, Christine.
245 1 0 _aTiny life in the air /
_cby Christine Taylor-Butler ; consultants, reading adviser, Nanci R. Vargus ; subject adviser, Howard A. Shuman.
260 _aNew York :
_bChildren's Press,
_c2005.
300 _a31 pages :
_bcolor illustrations ;
_c19 cm
440 0 _aRookie read-about science
500 _aIncludes index.
505 _aJ
520 _aFrom friendly dolphins to giant pandas, from icebergs and glaciers to energy from the sun, from magnets to solids, liquids, and gases, Rookie Read-About Science is a natural addition to the primary-grade classroom with books that cover every part of the science curricula. Includes: animals, nature, scientific principles, the environment, weather, and much more!
521 8 _a480
_bLexile
521 8 _aJ
_bRaz-Plus
650 0 _aAir
_xMicrobiology
_vJuvenile literature.
906 _a7
_bcbc
_corignew
_d1
_eecip
_f20
_gy-gencatlg
942 _2ddc
_cBK
_n0
999 _c5619
_d5619